000 00697nam a2200289Ia 4500
005 20260324120635.0
008 008 260324s9999 xx 000 0 eng d
020 _a9781315570709
037 _aEBOOK
040 _aCRL
040 _beng
040 _cCRL
041 _2eng
041 _aeng
084 _qCRL
100 _aJon Frauley
_91159380
245 0 _aC. Wright Mills and the Criminological Imagination
245 0 _bProspects for Creative Inquiry
260 _bTaylor and Francis
260 _c2015
365 _a
365 _b230
856 _uhttp://www.taylorfrancis.com/books/9781315570709
942 _cEBOOK
999 _c1751015
_d1751015